[Event "Titled Tuesday intern op 22nd Aug Late"]
[Site "Chess.com INT"]
[Date "2023.08.22"]
[Round "6"]
[White "Mamedov, Edgar"]
[Black "Diano, Eden"]
[Result "1-0"]
[WhiteElo "2239"]
[BlackElo "2100"]
[PlyCount "53"]
[EventDate "2023.08.22"]
[EventType "swiss (blitz)"]
[EventRounds "11"]
[EventCountry "USA"]
[SourceTitle "EXT 2024"]
[Source "ChessBase"]
[SourceDate "2023.10.10"]
[SourceVersion "1"]
[SourceVersionDate "2023.10.10"]
[SourceQuality "1"]

1. d4 d5 2. Nf3 Nf6 3. c4 dxc4 4. e3 a6 5. Bxc4 b5 6. Be2 Bb7 7. 0-0 Nbd7 8. a4 b4 9. Nbd2 e6 10. a5 c5 11. Nc4 cxd4 12. Nxd4 Be7 13. Bf3 Qc7 14. Bxb7 Qxb7 15. Qf3 Qxf3 16. gxf3 Rc8 17. Nb6 Rc7 18. Bd2 Bc5 19. Rfc1 e5 20. Nf5 g6 21. Ng3 0-0 22. Bxb4 Rb8 23. Bxc5 Rxc5 24. Rxc5 Nxc5 25. b4 Nd3 26. b5 axb5 27. a6 1-0

[Event "Titled Tuesday intern op 18th Jul Late"]
[Site "Chess.com INT"]
[Date "2023.07.18"]
[Round "6"]
[White "Diano, Eden"]
[Black "Shapiro, Daniel E"]
[Result "1-0"]
[WhiteElo "2115"]
[BlackElo "2284"]
[PlyCount "37"]
[EventDate "2023.07.18"]
[EventType "swiss (blitz)"]
[EventRounds "11"]
[EventCountry "USA"]
[SourceTitle "EXT 2024"]
[Source "ChessBase"]
[SourceDate "2023.10.10"]
[SourceVersion "1"]
[SourceVersionDate "2023.10.10"]
[SourceQuality "1"]

1. d4 Nf6 2. c4 e6 3. a3 b6 4. Nc3 d5 5. Bg5 Be7 6. Nf3 Bb7 7. e3 Nbd7 8. cxd5 exd5 9. Bb5 c6 10. Bd3 0-0 11. Qc2 a5 12. Ne5 h6 13. Bxf6 Bxf6 14. Nxd7 Qxd7 15. 0-0 Ba6 16. Bxa6 Rxa6 17. Rac1 Raa8 18. Na4 b5 19. Nb6 1-0

[Event "Titled Tuesday intern op 18th Jul Late"]
[Site "Chess.com INT"]
[Date "2023.07.18"]
[Round "2"]
[White "Diano, Eden"]
[Black "Shuvalova, Polina"]
[Result "1-0"]
[WhiteElo "2115"]
[BlackElo "2496"]
[PlyCount "151"]
[EventDate "2023.07.18"]
[EventType "swiss (blitz)"]
[EventRounds "11"]
[EventCountry "USA"]
[SourceTitle "EXT 2024"]
[Source "ChessBase"]
[SourceDate "2023.10.10"]
[SourceVersion "1"]
[SourceVersionDate "2023.10.10"]
[SourceQuality "1"]

1. d4 Nf6 2. c4 b6 3. Nc3 Bb7 4. f3 d5 5. Bg5 h6 6. Bxf6 exf6 7. cxd5 Bxd5 8. e4 Bb7 9. a3 f5 10. Bb5+ Nd7 11. e5 a6 12. Bc4 Qh4+ 13. g3 Qg5 14. f4 Qg6 15. Nf3 0-0-0 16. Qe2 Qg4 17. Bxa6 Nb8 18. Bxb7+ Kxb7 19. Rd1 Be7 20. b4 h5 21. Kf2 h4 22. d5 g5 23. Qc4 hxg3+ 24. hxg3 gxf4 25. Qxf4 Qg6 26. Rxh8 Rxh8 27. d6 cxd6 28. exd6 Bf6 29. Nd5 Rc8 30. Qe3 Nd7 31. Ne7 Rc2+ 32. Rd2 Rxd2+ 33. Qxd2 Qh5 34. Qd5+ Ka6 35. Qa8+ Kb5 36. Qc6+ Ka6 37. Qa4+ Kb7 38. Qxd7+ Ka6 39. Qa4+ Kb7 40. Qc6+ Ka6 41. Qa8+ Kb5 42. Qd5+ Ka4 43. Qxf5 Qh6 44. Qc2+ Kxa3 45. Nd5 Bd4+ 46. Kg2 Be3 47. Qd3+ Ka4 48. Qxe3 Qxd6 49. Nxb6+ Kb5 50. Qc5+ Qxc5 51. bxc5 Kxc5 52. Nd7+ Kd6 53. Nde5 Ke6 54. Kf2 Kf5 55. Ke3 f6 56. g4+ Ke6 57. Ng6 Kf7 58. Ngh4 Kg7 59. Kf4 Kh6 60. Nf5+ Kg6 61. N3d4 Kh7 62. Nd6 Kg6 63. Ne4 Kf7 64. Nf5 Kg6 65. Ne7+ Kf7 66. Nd5 Kg6 67. Ndxf6 Kh6 68. Kf5 Kg7 69. g5 Kf7 70. g6+ Kg7 71. Nh5+ Kh6 72. g7 Kh7 73. Nef6+ Kh6 74. Ke6 Kg6 75. g8Q+ Kh6 76. Qg7# 1-0

[Event "Titled Tuesday intern op 11th Jul Late"]
[Site "Chess.com INT"]
[Date "2023.07.11"]
[Round "3"]
[White "Vlassov, Nikolai"]
[Black "Diano, Eden"]
[Result "0-1"]
[WhiteElo "2283"]
[BlackElo "2115"]
[PlyCount "102"]
[EventDate "2023.07.11"]
[EventType "swiss (blitz)"]
[EventRounds "11"]
[EventCountry "USA"]
[SourceTitle "EXT 2024"]
[Source "ChessBase"]
[SourceDate "2023.10.10"]
[SourceVersion "1"]
[SourceVersionDate "2023.10.10"]
[SourceQuality "1"]

1. e4 c5 2. c3 Qc7 3. d4 d6 4. f4 a6 5. Nf3 Bg4 6. Be3 Nd7 7. Nbd2 e5 8. Bc4 Ngf6 9. Qb3 Bh5 10. Ng5 Nb6 11. dxc5 dxc5 12. Bxf7+ Bxf7 13. Nxf7 Qxf7 14. Qxb6 exf4 15. Bxf4 Nd7 16. Qxb7 Rd8 17. 0-0 Ne5 18. Qxa6 Qc7 19. Nc4 Qc6 20. Qxc6+ Nxc6 21. a4 Be7 22. Bc7 Rd7 23. Bb6 Rf8 24. Rxf8+ Kxf8 25. a5 Bd8 26. Bxd8 Rxd8 27. a6 Ra8 28. Nb6 Ra7 29. Nc8 Ra8 30. a7 Kf7 31. Nd6+ Ke6 32. Nb5 Kd7 33. g4 Ne5 34. h3 Kc6 35. Ra5 Nc4 36. Ra4 Kxb5 37. b3 Nb6 38. Ra1 Nc8 39. Kf2 Rxa7 40. Rd1 Rf7+ 41. Kg3 Kc6 42. e5 Re7 43. Kf4 Nb6 44. c4 Nd7 45. Rd6+ Kc7 46. Rd5 Re6 47. Kf5 Rh6 48. e6 Nf6 49. Rxc5+ Kd6 50. Rb5 Rxh3 51. g5 Rf3# 0-1

[Event "Titled Tuesday intern op 26th May"]
[Site "Chess.com INT"]
[Date "2020.05.26"]
[Round "9"]
[White "Diano, Eden"]
[Black "Kuderinov, Kirill"]
[Result "1-0"]
[WhiteElo "2123"]
[BlackElo "2409"]
[PlyCount "61"]
[EventDate "2020.05.26"]
[EventType "swiss (blitz)"]
[EventRounds "10"]
[EventCountry "USA"]
[SourceTitle "CBM 196 Extra"]
[Source "ChessBase"]
[SourceDate "2020.07.31"]
[SourceVersion "1"]
[SourceVersionDate "2020.07.31"]
[SourceQuality "1"]

1. d4 Nf6 2. c4 g6 3. Nc3 Bg7 4. e4 d6 5. f4 0-0 6. Be2 Nbd7 7. e5 dxe5 8. dxe5 Ne8 9. Be3 c6 10. Nf3 Nc7 11. 0-0 Ne6 12. b4 b6 13. Qb3 Bb7 14. Rfd1 Qc7 15. Rac1 Rfd8 16. Nd5 cxd5 17. cxd5 Nec5 18. bxc5 Nxc5 19. Bxc5 bxc5 20. Bc4 Rab8 21. Qa3 Rbc8 22. Ng5 Qd7 23. Nxf7 Rf8 24. d6 e6 25. Ng5 Bd5 26. Rxd5 exd5 27. Bxd5+ Kh8 28. Be6 Qc6 29. Bxc8 Rxc8 30. Ne6 Bh6 31. Qxc5 1-0

[Event "Titled Tuesday intern op 26th May"]
[Site "Chess.com INT"]
[Date "2020.05.26"]
[Round "8"]
[White "Kujawski, Adam"]
[Black "Diano, Eden"]
[Result "0-1"]
[WhiteElo "2201"]
[BlackElo "2123"]
[PlyCount "56"]
[EventDate "2020.05.26"]
[EventType "swiss (blitz)"]
[EventRounds "10"]
[EventCountry "USA"]
[SourceTitle "CBM 196 Extra"]
[Source "ChessBase"]
[SourceDate "2020.07.31"]
[SourceVersion "1"]
[SourceVersionDate "2020.07.31"]
[SourceQuality "1"]

1. e4 c5 2. c4 Nc6 3. Nc3 e5 4. d3 Nge7 5. f4 d6 6. Nf3 h6 7. Be2 exf4 8. Bxf4 g5 9. Bg3 Ng6 10. 0-0 Bg7 11. Nb5 Nce5 12. d4 cxd4 13. Nfxd4 a6 14. Nf5 Bxf5 15. Nxd6+ Kf8 16. exf5 Nf4 17. Bxf4 gxf4 18. Kh1 Qb6 19. c5 Qxc5 20. Rc1 Qb6 21. Qd5 Rd8 22. Rfd1 Bf6 23. Bh5 Ke7 24. Bxf7 Rxd6 25. Qxd6+ Qxd6 26. Rxd6 Kxd6 27. Bb3 b5 28. Rd1+ Ke7 0-1

[Event "Titled Tuesday intern op 12th May"]
[Site "Chess.com INT"]
[Date "2020.05.12"]
[Round "4"]
[White "Diano, Eden"]
[Black "Fiorito, Fabian"]
[Result "1-0"]
[WhiteElo "2123"]
[BlackElo "2380"]
[PlyCount "79"]
[EventDate "2020.05.12"]
[EventType "swiss (blitz)"]
[EventRounds "10"]
[EventCountry "USA"]
[SourceTitle "EXT 2021"]
[Source "ChessBase"]
[SourceDate "2020.10.23"]
[SourceVersion "1"]
[SourceVersionDate "2020.10.23"]
[SourceQuality "1"]

1. d4 d6 2. c4 e5 3. d5 f5 4. Nc3 Nf6 5. e3 g6 6. f3 Bg7 7. Bd3 0-0 8. Nge2 c6 9. e4 cxd5 10. cxd5 a6 11. 0-0 f4 12. g3 g5 13. Kg2 Rf7 14. h3 Bf8 15. g4 h5 16. Rh1 Rh7 17. Bd2 Nbd7 18. b4 Nb6 19. a4 Nbd7 20. a5 Be7 21. Nc1 Nf8 22. Be2 Ng6 23. Be1 Bd7 24. Nd3 Qe8 25. Na4 Bd8 26. Ndb2 hxg4 27. hxg4 Rxh1 28. Kxh1 Qf7 29. Nc4 Qh7+ 30. Kg2 Nh4+ 31. Bxh4 Qxh4 32. Qg1 Rc8 33. Nab2 Bb5 34. Qh2 Qxh2+ 35. Kxh2 Be7 36. Rc1 Kg7 37. Kg2 Ne8 38. Bd3 Bd7 39. Rc2 Ba4 40. Nxa4 1-0

[Event "Titled Tuesday intern op 12th May"]
[Site "Chess.com INT"]
[Date "2020.05.12"]
[Round "2"]
[White "Diano, Eden"]
[Black "Lu, Jason"]
[Result "1-0"]
[WhiteElo "2123"]
[BlackElo "2024"]
[PlyCount "41"]
[EventDate "2020.05.12"]
[EventType "swiss (blitz)"]
[EventRounds "10"]
[EventCountry "USA"]
[SourceTitle "EXT 2021"]
[Source "ChessBase"]
[SourceDate "2020.10.23"]
[SourceVersion "1"]
[SourceVersionDate "2020.10.23"]
[SourceQuality "1"]

1. d4 Nf6 2. c4 g6 3. Nc3 Bg7 4. e4 d6 5. f4 0-0 6. Be2 c5 7. d5 e6 8. Nf3 exd5 9. cxd5 Re8 10. e5 dxe5 11. fxe5 Ng4 12. Bg5 Qa5 13. 0-0 Nxe5 14. d6 Be6 15. Nd5 Bxd5 16. Qxd5 Nbc6 17. Nxe5 Rxe5 18. Qxf7+ Kh8 19. Bf6 Bxf6 20. Qxf6+ Kg8 21. Bc4+ 1-0

[Event "Titled Tuesday intern op 12th May"]
[Site "Chess.com INT"]
[Date "2020.05.12"]
[Round "6"]
[White "Diano, Eden"]
[Black "Zaksaite, Salomeja"]
[Result "1/2-1/2"]
[WhiteElo "2123"]
[BlackElo "2202"]
[PlyCount "116"]
[EventDate "2020.05.12"]
[EventType "swiss (blitz)"]
[EventRounds "10"]
[EventCountry "USA"]
[SourceTitle "EXT 2021"]
[Source "ChessBase"]
[SourceDate "2020.10.23"]
[SourceVersion "1"]
[SourceVersionDate "2020.10.23"]
[SourceQuality "1"]

1. d4 Nf6 2. c4 g6 3. Nc3 d5 4. Bg5 Bg7 5. Bxf6 Bxf6 6. cxd5 c5 7. dxc6 Bxd4 8. cxb7 Bxb7 9. Nf3 Bxc3+ 10. bxc3 Qc7 11. Qa4+ Nc6 12. e3 0-0 13. Be2 Ne5 14. c4 Nxf3+ 15. gxf3 Bc6 16. Qb4 Rab8 17. Qc5 Qb7 18. e4 Rfc8 19. Qa5 Bxe4 20. fxe4 Qxe4 21. f3 Qh4+ 22. Kf1 Rb2 23. Qe5 Qh3+ 24. Kf2 Qh4+ 25. Kg2 Rc2 26. Rhc1 R8xc4 27. Rxc2 Rxc2 28. Rd1 Qf6 29. Rd8+ Kg7 30. Qxf6+ Kxf6 31. Kf2 Rxa2 32. h4 h5 33. Ra8 a5 34. Ke3 e6 35. Bd3 Ra3 36. Rb8 Ra1 37. Rb5 Rh1 38. Rxa5 Rxh4 39. Ra2 Rb4 40. Ra7 Rh4 41. Bb5 Kg5 42. Rxf7 Rb4 43. Bd3 Rb3 44. Rg7 h4 45. Rxg6+ Kh5 46. Rg1 h3 47. Kd2 Kh4 48. Kc2 h2 49. Rh1 Rxd3 50. Kxd3 Kg3 51. Ke4 Kg2 52. Rb1 h1Q 53. Rxh1 Kxh1 54. f4 Kg2 55. Ke5 Kg3 56. Ke4 Kg4 57. Ke5 Kg3 58. Kxe6 Kxf4 1/2-1/2

[Event "Titled Tuesday intern op 12th May"]
[Site "Chess.com INT"]
[Date "2020.05.12"]
[Round "5"]
[White "Lodici, Lorenzo"]
[Black "Diano, Eden"]
[Result "1-0"]
[WhiteElo "2489"]
[BlackElo "2123"]
[PlyCount "143"]
[EventDate "2020.05.12"]
[EventType "swiss (blitz)"]
[EventRounds "10"]
[EventCountry "USA"]
[SourceTitle "EXT 2021"]
[Source "ChessBase"]
[SourceDate "2020.10.23"]
[SourceVersion "1"]
[SourceVersionDate "2020.10.23"]
[SourceQuality "1"]

1. d4 d5 2. c4 dxc4 3. e4 a6 4. Bxc4 b5 5. Bd3 Bb7 6. Nf3 e6 7. 0-0 Nf6 8. Qe2 c5 9. dxc5 Bxc5 10. Rd1 Qb6 11. h3 Nbd7 12. Nbd2 0-0 13. Nb3 Be7 14. Be3 Qd8 15. Bd4 Rc8 16. a4 Qc7 17. axb5 axb5 18. Ra7 Qb8 19. e5 Nh5 20. Bxb5 Rfd8 21. Be3 Bxf3 22. gxf3 Nxe5 23. Rxd8+ Bxd8 24. f4 Ng6 25. Qxh5 Bb6 26. Rd7 Bxe3 27. fxe3 Qb6 28. Nd4 Rc1+ 29. Kf2 Qa5 30. Qe2 Rc5 31. Nb3 Qxb5 32. Nxc5 Qxc5 33. Rd8+ Nf8 34. Qd2 Qe7 35. Qd6 Qxd6 36. Rxd6 f5 37. b4 Kf7 38. b5 Ke7 39. Ra6 Nd7 40. b6 Nc5 41. Ra7+ Kd6 42. Rxg7 Kc6 43. Rxh7 Kxb6 44. h4 Kc6 45. h5 Ne4+ 46. Ke2 Nf6 47. Rh8 Kd7 48. h6 Ke7 49. Kd3 Kf7 50. Kd4 Ng4 51. h7 Kg7 52. Re8 Kxh7 53. Rxe6 Kg7 54. Ra6 Kf7 55. e4 fxe4 56. Kxe4 Nf6+ 57. Kf5 Nd5 58. Ra7+ Ne7+ 59. Ke5 Kf8 60. Rc7 Ng6+ 61. Ke4 Ne7 62. f5 Ke8 63. Ke5 Kd8 64. Rc5 Kd7 65. f6 Ng6+ 66. Kf5 Nh4+ 67. Kg5 Nf3+ 68. Kg6 Kd6 69. f7 Nh4+ 70. Kf6 Kxc5 71. f8Q+ Kd4 72. Kg5 1-0

[Event "Titled Tuesday intern op 5th May"]
[Site "Chess.com INT"]
[Date "2020.05.05"]
[Round "10"]
[White "Diano, Eden"]
[Black "Titichoca Daza, Daniel Henry"]
[Result "0-1"]
[WhiteElo "2123"]
[BlackElo "2090"]
[PlyCount "56"]
[EventDate "2020.05.05"]
[EventType "swiss (blitz)"]
[EventRounds "10"]
[EventCountry "USA"]
[SourceTitle "CBM 196 Extra"]
[Source "ChessBase"]
[SourceDate "2020.07.31"]
[SourceVersion "1"]
[SourceVersionDate "2020.07.31"]
[SourceQuality "1"]

1. d4 Nf6 2. c4 g6 3. Nc3 Bg7 4. e4 0-0 5. f4 d6 6. Be2 c5 7. d5 e6 8. Nf3 exd5 9. cxd5 Re8 10. Nd2 Na6 11. 0-0 Nc7 12. a4 b6 13. Qc2 a6 14. h3 Rb8 15. Re1 b5 16. axb5 axb5 17. Ra7 Bd7 18. b4 cxb4 19. Na2 Nfxd5 20. Nf3 Nc3 21. Nxb4 Ne6 22. Bb2 Qb6+ 23. Kh2 Qxa7 24. Bxc3 Rbc8 25. Nd5 Nxf4 26. Qb2 Bxc3 27. Nxc3 Qf2 28. Rf1 Qxg2# 0-1

[Event "Titled Tuesday intern op 3rd April"]
[Site "Chess.com INT"]
[Date "2018.04.03"]
[Round "8"]
[White "Diano, Eden"]
[Black "Cheng, Xiao"]
[Result "1-0"]
[WhiteElo "2123"]
[BlackElo "2288"]
[PlyCount "69"]
[EventDate "2018.04.03"]
[EventType "swiss (blitz)"]
[EventRounds "10"]
[EventCountry "USA"]
[SourceTitle "EXT 2021"]
[Source "ChessBase"]
[SourceDate "2020.10.23"]
[SourceVersion "1"]
[SourceVersionDate "2020.10.23"]
[SourceQuality "1"]

1. d4 Nf6 2. c4 e5 3. dxe5 Ng4 4. Nf3 Nc6 5. Bf4 Bb4+ 6. Nbd2 Qe7 7. a3 Bxd2+ 8. Qxd2 Ngxe5 9. Nxe5 Nxe5 10. Qc3 d6 11. c5 0-0 12. Rc1 Ng6 13. Bg3 d5 14. e3 f5 15. f4 Re8 16. Kf2 Be6 17. h4 d4 18. exd4 Qf6 19. h5 Ne7 20. Bh4 Qf7 21. Bxe7 Rxe7 22. Re1 Kh8 23. h6 Bd5 24. hxg7+ Qxg7 25. Re5 Rxe5 26. dxe5 Qg4 27. e6+ Kg8 28. Qe5 Rd8 29. e7 Re8 30. Qxd5+ Kg7 31. Qe5+ Kg6 32. Be2 Rxe7 33. Bxg4 Rxe5 34. Bh5+ Kf6 35. fxe5+ 1-0

[Event "Titled Tuesday intern op 3rd April"]
[Site "Chess.com INT"]
[Date "2018.04.03"]
[Round "9"]
[White "Diano, Eden"]
[Black "Socko, Bartosz"]
[Result "0-1"]
[WhiteElo "2123"]
[BlackElo "2593"]
[PlyCount "86"]
[EventDate "2018.04.03"]
[EventType "swiss (blitz)"]
[EventRounds "10"]
[EventCountry "USA"]
[SourceTitle "EXT 2021"]
[Source "ChessBase"]
[SourceDate "2020.10.23"]
[SourceVersion "1"]
[SourceVersionDate "2020.10.23"]
[SourceQuality "1"]

1. d4 e6 2. c4 Nf6 3. Nf3 Bb4+ 4. Bd2 c5 5. dxc5 Bxc5 6. Nc3 0-0 7. e3 d5 8. a3 Nc6 9. b4 Bb6 10. c5 Bc7 11. Bd3 e5 12. Bb5 e4 13. Nd4 Bg4 14. Qb3 Ne5 15. h3 Bh5 16. g4 Bg6 17. g5 Nh5 18. Nxd5 a5 19. Bc3 axb4 20. axb4 Rxa1+ 21. Bxa1 Nd3+ 22. Bxd3 exd3 23. Nb5 Bb8 24. Rg1 Re8 25. Kd2 Qd7 26. Qc4 Qxh3 27. Nd6 Qh2 28. Nxe8 Qxf2+ 29. Kc3 Qxg1 30. Ne7+ Kf8 31. Nxg6+ hxg6 32. Nd6 Qxa1+ 33. Kxd3 Qf1+ 34. Kc3 Qxc4+ 35. Kxc4 Bxd6 36. cxd6 Ke8 37. Kc5 Kd7 38. Kb6 Ng3 39. Kxb7 Nf5 40. b5 Nxe3 41. b6 Nc4 42. Ka7 Nxb6 43. Kxb6 Kxd6 0-1

[Event "Titled Tuesday intern op 3rd April"]
[Site "Chess.com INT"]
[Date "2018.04.03"]
[Round "10"]
[White "Pultinevicius, Paulius"]
[Black "Diano, Eden"]
[Result "1-0"]
[WhiteElo "2385"]
[BlackElo "2123"]
[PlyCount "83"]
[EventDate "2018.04.03"]
[EventType "swiss (blitz)"]
[EventRounds "10"]
[EventCountry "USA"]
[SourceTitle "EXT 2021"]
[Source "ChessBase"]
[SourceDate "2020.10.23"]
[SourceVersion "1"]
[SourceVersionDate "2020.10.23"]
[SourceQuality "1"]

1. d4 d5 2. c4 dxc4 3. Nf3 a6 4. e3 Nf6 5. Bxc4 b5 6. Bb3 Bb7 7. 0-0 e6 8. Nc3 c5 9. Qe2 Nbd7 10. a3 Qc7 11. Rd1 c4 12. Bc2 e5 13. e4 exd4 14. Nxd4 Bc5 15. Be3 0-0 16. f4 Nb6 17. Nf5 Rfe8 18. e5 Nfd5 19. Nxd5 Nxd5 20. Bxc5 Qxc5+ 21. Rd4 Nxf4 22. Qf2 Ng6 23. Nd6 Bd5 24. Rad1 Be6 25. Nxe8 Rxe8 26. Rd8 Qxf2+ 27. Kxf2 Kf8 28. Rxe8+ Kxe8 29. Bxg6 hxg6 30. Rd6 a5 31. Rb6 Bd7 32. Ke3 Ke7 33. Kd4 a4 34. Kc5 Be8 35. Rxb5 Bxb5 36. Kxb5 Ke6 37. Kxa4 Kxe5 38. Kb5 Kd5 39. a4 g5 40. a5 g4 41. a6 f5 42. a7 1-0

[Event "Kuala Lumpur op 10th"]
[Site "Kuala Lumpur"]
[Date "2013.08.10"]
[Round "2"]
[White "Diano, Eden"]
[Black "Andria, LD Souza"]
[Result "0-1"]
[WhiteElo "2313"]
[BlackElo "1753"]
[PlyCount "96"]
[EventDate "2013.08.10"]
[EventType "swiss"]
[EventRounds "9"]
[EventCountry "MAS"]
[SourceTitle "CBM 156 Extra"]
[Source "ChessBase"]
[SourceDate "2013.10.22"]
[SourceVersion "1"]
[SourceVersionDate "2013.10.22"]
[SourceQuality "1"]

1. d4 d5 2. c4 e6 3. Nc3 Nf6 4. Bg5 c6 5. e3 Nbd7 6. Nf3 Qa5 7. Bxf6 Nxf6 8. Qc2 Bb4 9. Nd2 0-0 10. a3 Re8 11. Bd3 e5 12. Nb3 Bxc3+ 13. bxc3 Qc7 14. h3 b6 15. cxd5 e4 16. Be2 cxd5 17. c4 Be6 18. c5 Nd7 19. 0-0 f5 20. Rfc1 f4 21. cxb6 Qxb6 22. Nc5 Rac8 23. Rab1 Qd6 24. exf4 Nxc5 25. dxc5 Qxf4 26. Qc3 Rf8 27. Qd4 Qg5 28. Rc3 Rf7 29. Ba6 Rcf8 30. Rg3 Qf6 31. Qxf6 Rxf6 32. Rb7 R6f7 33. Rxf7 Kxf7 34. Rb3 Bc8 35. Be2 d4 36. Rb4 d3 37. Bd1 Re8 38. Kf1 Re5 39. c6 Ba6 40. Ke1 Ke6 41. Kd2 Bb5 42. f4 e3+ 43. Kc3 e2 44. Bb3+ Ke7 45. fxe5 e1Q+ 46. Kd4 Qf2+ 47. Kd5 Qxg2+ 48. Kc5 Qxc6+ 0-1

[Event "Penang op 4th"]
[Site "Penang"]
[Date "2012.12.12"]
[Round "3"]
[White "Diano, Eden"]
[Black "Masruri, Rahman"]
[Result "0-1"]
[WhiteElo "2370"]
[BlackElo "2123"]
[PlyCount "76"]
[EventDate "2012.12.11"]
[EventType "swiss"]
[EventRounds "9"]
[EventCountry "MAS"]
[SourceTitle "EXT 2014"]
[Source "ChessBase"]
[SourceDate "2013.11.20"]
[SourceVersion "1"]
[SourceVersionDate "2013.11.20"]
[SourceQuality "1"]

1. d4 e6 2. c4 Nf6 3. a3 b6 4. Nc3 Bb7 5. d5 Be7 6. e4 d6 7. Be3 0-0 8. g4 exd5 9. exd5 Re8 10. h3 Nfd7 11. Nf3 Bf6 12. Qc2 c6 13. Rd1 Bxc3+ 14. Qxc3 cxd5 15. cxd5 Nf6 16. Qb3 Nbd7 17. g5 Nc5 18. Qa2 Nfe4 19. Bb5 Nxg5 20. Nd4 Rxe3+ 21. fxe3 Nge4 22. h4 Qf6 23. b4 Nc3 24. Qc2 N5e4 25. Bc6 Bxc6 26. dxc6 Nxd1 27. Qc4 Nef2 28. Qd5 Nxh1 29. c7 Re8 30. Nc2 Qc3+ 31. Kxd1 Qxc7 32. Qxh1 Rc8 33. Qe4 Qxc2+ 34. Qxc2 Rxc2 35. Kxc2 h5 36. Kd3 f6 37. Ke4 g5 38. hxg5 fxg5 0-1